Reap the wild wind /

Bibliographic Details
Main Author: Strabel, Thelma
Format: Book
Language:English
Published: New York : Triangle Books, 1941.
Edition:1st. ed., November, 1941.

MARC

Tag First Indicator Second Indicator Subfields
LEADER 00000cam a2200000Ia 4500
001 in00001619084
005 20151023060936.0
008 750612s1941 nyu 000 1 eng u
010 |a  42000575  
035 |a (OCoLC)ocm01388651 
040 |c ORL  |d OCL  |d OSU  |d TXA  |d UtOrBLW 
049 |a TXAM 
050 0 4 |a PS3537.T8  |b R4 1941 
092 |a Fic. 
100 1 |a Strabel, Thelma. 
245 1 0 |a Reap the wild wind /  |c Thelma Strabel ; with a foreword by Cecil B. DeMille. 
250 |a 1st. ed., November, 1941. 
264 1 |a New York :  |b Triangle Books,  |c 1941. 
300 |a viii, 298 pages ;  |c 20 cm. 
336 |a text  |b txt  |2 rdacontent 
337 |a unmediated  |b n  |2 rdamedia 
338 |a volume  |b nc  |2 rdacarrier 
536 |a From the estate of Mozelle Rohmerts, April 2001. 
948 |a cataloged  |b h  |c 2001/7/18  |d c  |e jgreene  |f 4:56:39 pm 
994 |a E0  |b TXA 
999 |a MARS 
999 f f |s e318af9b-c3af-37bf-811f-58e3164eed7c  |i 7f321885-40be-3704-8267-d923b1445af0  |t 0 
952 f f |p normal  |a Texas A&M University  |b College Station  |c Sterling C. Evans Library  |d Evans: Library Stacks  |t 0  |e PS3537.T8 R4 1941  |h Library of Congress classification  |i unmediated -- volume  |m A14827844383 
998 f f |a PS3537.T8 R4 1941  |t 0  |l Evans: Library Stacks